| 000 | 01248nac a22002651u 4500 | ||
|---|---|---|---|
| 010 | _a 94013474 | ||
| 020 | _a0471591327 (acid-free paper) | ||
| 082 | 0 | 0 |
_a620.0045 _bB6392 |
| 090 |
_c4557 _d4557 |
||
| 100 | _aBlanchard, Benjamin S. | ||
| 245 | 1 | 0 |
_aMaintainability : _ba key to effective serviceability and maintenance management / _cBenjamin S. Blanchard, Dinesh Verma, Elmer L. Peterson. |
| 260 |
_aNew York : _bWiley,c1995. _cc1995. |
||
| 300 |
_axvi, 537 p. : _bill., map ; _c24 cm. |
||
| 440 | 0 | _aNew dimensions in engineering | |
| 500 | _a"A Wiley-Interscience publication." | ||
| 504 | _aIncludes bibliographical references (p. 513-525) and index. | ||
| 650 | 0 | _aMaintainability (Engineering) | |
| 700 | 1 |
_aVerma, Dinesh, _d1964- |
|
| 700 | 1 | _aPeterson, Elmer L. | |
| 856 | 4 | 2 |
_3Contributor biographical information _uhttp://www.loc.gov/catdir/bios/wiley041/94013474.html |
| 856 | 4 | 2 |
_3Publisher description _uhttp://www.loc.gov/catdir/description/wiley031/94013474.html |
| 856 | 4 | 2 |
_3Table of Contents _uhttp://www.loc.gov/catdir/toc/onix02/94013474.html |
| 942 |
_cBB _k620.0045B6392 |
||
| 999 |
_c4557 _d4557 |
||